Countries With Y - Statistics

General Stats
  • This quiz has been taken 48 times
  • The average score is 16 of 20
Answer Stats
Country % Correct
Yemen
100%
Germany
88%
Italy
88%
Turkey
88%
Egypt
86%
Kyrgyzstan
86%
Paraguay
86%
Malaysia
83%
Norway
83%
Uruguay
83%
Hungary
81%
Libya
81%
Syria
81%
Guyana
79%
Myanmar
76%
Cyprus
69%
Kenya
69%
Ivory Coast
67%
Seychelles
64%
Vatican City
64%
No matching quizzes found
Score Distribution
Percent of People with Each Score
Percentile by Number Answered
Your Score History
You have not taken this quiz